Regiony Szwecji na mapie - Statystyki

Ogólne statystyki
  • Ten quiz został rozwiązany 226 razy
  • Średni wynik to 6 z 21
Odpowiedzi na mapie
Odpowiedzi zakodowano w zielono-czerwonej skali na mapie do tego quizu, zgodnie z poniższymi procentami.
 
Statystyki odpowiedzi
Region % Poprawnych
Gotland
81%
Skania
61%
Uppsala
46%
Kalmar
38%
Norrbotten
30%
Örebro
29%
Halland
27%
Jönköping
25%
Blekinge
24%
Västerbotten
24%
Jämtland
22%
Södermanland
22%
Dalarna
21%
Gävleborg
20%
Östergötland
20%
Stokholm
19%
Västernorrland
19%
Värmland
17%
Västra Götaland
16%
Kronoberg
15%
Västmanland
15%
Nie znaleziono quizów pasujących do podanych kryteriów
Rozkład punktacji
Procent ludzi z każdym wynikiem
Percentyl według liczby udzielonych odpowiedzi
Twoja historia wyników
Nie rozwiązałeś tego quizu